00411nam a22001332 4500001001100000005001700011008004100028020002600069040001500095050002000110245005900130260003100189650005700220000000316820151217151917.0070430s xx 000 0 eng d a9211313132 :cKES 500 aKABUcKABU 0aHN780b.Z9C6I4710aImproving rural regional settlement systems in Africa. aNairobi :bHabitat,c1993. 0aRural developmentxcase studieszAfrica.@0000152863